000 00291nam a22001337a 4500
008 170502b xxu||||| |||| 00| 0 eng d
020 _a9780131137875
041 _aeng
080 _22ND
_a34
100 _a14
101 _aSHJ
245 _aJUSTICE BLIND?
_cROBINSON, M.B
942 _2udc
_cBK
999 _c12436
_d12436